[Event "Benasque op 16th"]
[Site "Benasque"]
[Date "1996.??.??"]
[Round "4"]
[White "Lodhi, Mahmood"]
[Black "Antunes, Antonio"]
[Result "1/2-1/2"]
[WhiteElo "2355"]
[BlackElo "2540"]
[PlyCount "84"]
[EventDate "1996.07.??"]
[EventType "swiss"]
[EventRounds "9"]
[EventCountry "ESP"]
[SourceTitle "CBM 053 Extra"]
[Source "ChessBase"]
[SourceDate "1996.09.01"]
[SourceVersion "1"]
[SourceVersionDate "1996.09.01"]
[SourceQuality "1"]

1. d4 d5 2. Nf3 Nf6 3. c4 c6 4. cxd5 cxd5 5. Nc3 Nc6 6. Bf4 a6 7. e3 Bg4 8. Be2 e6 9. 0-0 Be7 10. Rc1 0-0 11. h3 Bxf3 12. Bxf3 Rc8 13. Be2 Na5 14. Bd3 b5 15. Qe2 Qd7 16. g4 g6 17. Bh6 Rfd8 18. f4 Nc4 19. Bg5 Nd6 20. Bxf6 Bxf6 21. g5 Bg7 22. Nb1 Bf8 23. Nd2 Rxc1 24. Rxc1 Rc8 25. Rxc8 Qxc8 26. Kg2 h6 27. h4 h5 28. Nf3 Kg7 29. Qd2 Nc4 30. Qc1 Bb4 31. Kf2 Qc6 32. b3 Ne5 33. Qxc6 Nxc6 34. Ne5 Nxe5 35. fxe5 Ba3 36. Ke2 Kf8 37. Kd1 Ke7 38. Kc2 Kd7 39. Bf1 Kc6 40. Be2 Kb6 41. Bd3 Bb4 42. Kd1 Ba3 1/2-1/2